| 000 | 00397nam a2200157Ia 4500 | ||
|---|---|---|---|
| 003 | OSt | ||
| 005 | 20230530163601.0 | ||
| 008 | 211028s2013 xx 000 0 und d | ||
| 040 | _cAIMIT LIBRARY | ||
| 041 | _aeng | ||
| 100 |
_aAshakiran, R; Ganna, Ravi. _98412 _e111904 |
||
| 110 |
_aRavi Ganna _98413 |
||
| 245 | _aIdea CAFs management system. | ||
| 260 |
_aMangalore _c2013 |
||
| 942 |
_2ddc _cPRO |
||
| 999 |
_c219875 _d219875 |
||